| 000 | 00900nam a2200253 a 4500 | ||
|---|---|---|---|
| 003 | OSt | ||
| 005 | 20240226121303.0 | ||
| 008 | |||
| 020 | _a0751506214 (hardback) | ||
| 040 |
_cNUST _aNUST _beng _dNUST _erda |
||
| 050 | _aHF5389 ROW | ||
| 100 | 1 |
_aRowland, Diana. _eAuthor |
|
| 245 | 1 | 0 |
_aJapanese business etiquette : _ba practical guide to success with the Japanese / _cDiana Rowland. |
| 250 | _aNew edition., updated and revised edition. | ||
| 260 |
_aLondon : _bWarner, _c1993. |
||
| 300 |
_axiii, 354 pages. : _billustration; _c18 cm |
||
| 336 |
_2rdaconted _atext _btxt |
||
| 337 |
_2rdamedia _aunmediated _bn |
||
| 338 |
_2rdacarriers _avolume _bnc |
||
| 504 | _aIncludes bibliographical references and indexes | ||
| 650 | 0 |
_aJapan _xSocial life and customs _y1945- |
|
| 650 | 0 |
_aBusiness _aEtiquette |
|
| 942 |
_cBOOKS _kHF _2lcc _hHF5389 _mROW _n0 |
||
| 999 |
_c144882 _d144882 |
||